Women and narrative identity : rewriting the Quebec national text /

Bibliographic Details
Main Author: Green, Mary Jean Matthews
Format: Book
Language:English
Published: Montreal ; Ithaca : McGill-Queen's University Press, [2001]
Subjects:

MARC

Tag First Indicator Second Indicator Subfields
LEADER 00000cam a2200000 a 4500
001 in00001630921
005 20151023061430.0
008 000721s2001 quc b 001 0 eng c
020 |a 0773521283 (bound) 
020 |a 0773522077 (pbk.) 
035 |a (OCoLC)ocm44713455 
040 |a NLC  |b eng  |c NLC  |d TXA  |d UtOrBLW 
043 |a n-cn-qu 
049 |a TXAM 
055 0 2 |a PS8199.5* 
055 0 0 |a PS8199 .5 Q8  |b G74 2001 
082 0 |a C843.009/358  |2 21 
090 |a PR9188  |b .G74 2001 
100 1 |a Green, Mary Jean Matthews. 
245 1 0 |a Women and narrative identity :  |b rewriting the Quebec national text /  |c Mary Jean Green. 
246 1 4 |a Women & narrative identity 
264 1 |a Montreal ;  |a Ithaca :  |b McGill-Queen's University Press,  |c [2001] 
264 4 |c ©2001 
300 |a xi, 197 pages ;  |c 24 cm. 
336 |a text  |b txt  |2 rdacontent 
337 |a unmediated  |b n  |2 rdamedia 
338 |a volume  |b nc  |2 rdacarrier 
504 |a Includes bibliographical references and index. 
650 0 |a French-Canadian literature  |x Women authors  |x History and criticism. 
650 0 |a French-Canadian literature  |z Québec (Province)  |x History and criticism. 
650 0 |a Nationalism in literature. 
650 0 |a Group identity in literature. 
948 |a cataloged  |b h  |c 2001/7/25  |d c  |e dmitchel  |f 9:26:32 am 
994 |a E0  |b TXA 
999 |a MARS 
999 f f |s 51da89a6-9e60-34cb-a2c3-cd072f59b650  |i 7eb1666d-b8d8-38d2-ac22-fb912947a1ed  |t 0 
952 f f |p ric  |a Texas A&M University  |b Rellis Campus  |c Joint Library Facility  |d Remote Storage  |t 0  |e PR9188 .G74 2001  |h Library of Congress classification  |i unmediated -- volume  |m A14827877920 
998 f f |a PR9188 .G74 2001  |t 0  |l Remote Storage